[Event "Sueca op 8th"]
[Site "Sueca"]
[Date "2024.08.10"]
[Round "8"]
[White "March Lleti, Eric"]
[Black "Saez Pascual, Javier"]
[Result "0-1"]
[WhiteElo "1436"]
[BlackElo "1799"]
[PlyCount "136"]
[EventDate "2024.08.05"]
[EventType "swiss"]
[EventRounds "9"]
[EventCountry "ESP"]
[SourceTitle "CBM 221 Extra"]
[Source "ChessBase"]
[SourceDate "2024.09.30"]
[SourceVersion "1"]
[SourceVersionDate "2024.09.30"]
[SourceQuality "1"]

1. e4 d5 2. exd5 Qxd5 3. Nc3 Qd8 4. Be2 Nf6 5. Nf3 e6 6. 0-0 Be7 7. Re1 0-0 8. d4 b6 9. Bf4 Bb7 10. Ne5 Nbd7 11. Bf3 Bxf3 12. Qxf3 Nxe5 13. Rxe5 Qxd4 14. Rd1 Qc4 15. Rg5 Rad8 16. Rxd8 Rxd8 17. h3 g6 18. b3 Qa6 19. Bxc7 Rd2 20. Be5 Nd5 21. Rg4 Qc8 22. Rc4 Qd7 23. Nxd5 Rxd5 24. Rc7 Qd8 25. Rxa7 Qe8 26. c4 Rxe5 27. Ra8 Re1+ 28. Kh2 Bd6+ 29. g3 Bb8 30. Qb7 Rd1 31. Rxb8 Rd8 32. Rxd8 Qxd8 33. b4 Qd4 34. Qc6 Qxf2+ 35. Qg2 Qd4 36. Qc2 e5 37. c5 bxc5 38. bxc5 h5 39. c6 h4 40. Kg2 Qd5+ 41. Kh2 Qf3 42. gxh4 Qf4+ 43. Kg1 Qg3+ 44. Qg2 Qe3+ 45. Kh2 Qf4+ 46. Kh1 Qc1+ 47. Kh2 Qf4+ 48. Kh1 e4 49. Qh2 Qc1+ 50. Qg1 Qxc6 51. Qg2 Qc1+ 52. Qg1 Qd2 53. h5 g5 54. Qg2 e3 55. Qxg5+ Kf8 56. Qh6+ Ke7 57. Qg5+ Ke6 58. Qg4+ Ke5 59. Qg7+ Ke4 60. Qh7+ Kd4 61. Qg7+ Kd3 62. Qh7+ Ke2 63. Kg2 Kd1+ 64. Kf3 Qf2+ 65. Kg4 Qg2+ 66. Kh4 Qc2 67. Qxf7 Qf2+ 68. Qxf2 exf2 0-1

[Event "Sueca op 8th"]
[Site "Sueca"]
[Date "2024.08.10"]
[Round "7"]
[White "Saez Pascual, Javier"]
[Black "De la Torre Martinez, Alex"]
[Result "1-0"]
[WhiteElo "1799"]
[BlackElo "1597"]
[PlyCount "41"]
[EventDate "2024.08.05"]
[EventType "swiss"]
[EventRounds "9"]
[EventCountry "ESP"]
[SourceTitle "CBM 221 Extra"]
[Source "ChessBase"]
[SourceDate "2024.09.30"]
[SourceVersion "1"]
[SourceVersionDate "2024.09.30"]
[SourceQuality "1"]

1. d4 d5 2. Bf4 Nf6 3. e3 Bf5 4. Nf3 e6 5. Bd3 Bxd3 6. Qxd3 c5 7. 0-0 cxd4 8. Nxd4 Bd6 9. Qb5+ Ke7 10. Qxb7+ Nbd7 11. Nc6+ Ke8 12. Nxd8 Rxd8 13. Bxd6 Ne4 14. Bc7 Ndc5 15. Qc6+ Rd7 16. Qa8+ Ke7 17. Qxh8 Rxc7 18. Qxg7 Na4 19. f3 Nf6 20. b3 Nb2 21. Na3 1-0

[Event "Sueca op 8th"]
[Site "Sueca"]
[Date "2024.08.06"]
[Round "2"]
[White "Saez Pascual, Javier"]
[Black "Uribe, Jhonny Alberto"]
[Result "0-1"]
[WhiteElo "1799"]
[BlackElo "2186"]
[PlyCount "60"]
[EventDate "2024.08.05"]
[EventType "swiss"]
[EventRounds "9"]
[EventCountry "ESP"]
[SourceTitle "CBM 221 Extra"]
[Source "ChessBase"]
[SourceDate "2024.09.30"]
[SourceVersion "1"]
[SourceVersionDate "2024.09.30"]
[SourceQuality "1"]

1. d4 Nf6 2. Bf4 g6 3. e3 Bg7 4. Be2 d6 5. h3 Nc6 6. Nf3 0-0 7. 0-0 Nd7 8. c4 e5 9. Bh2 f5 10. Nc3 h5 11. dxe5 dxe5 12. Nd5 g5 13. Qc2 g4 14. hxg4 hxg4 15. Nd2 a5 16. c5 Nf6 17. Nc3 Qe7 18. Bc4+ Kh8 19. Nd5 Nxd5 20. Bxd5 Nb4 21. Qb3 Nxd5 22. e4 Nf4 23. Rfd1 Ne2+ 24. Kf1 Nd4 25. Qg3 f4 26. Qc3 b6 27. cxb6 Ba6+ 28. Nc4 cxb6 29. a4 Rac8 30. b3 Nxb3 0-1